| 000 | 00376nam a2200133 a 4500 | ||
|---|---|---|---|
| 001 | 000038332 | ||
| 005 | 20201002031230.0 | ||
| 008 | 130409s19uu dr 000 0 spa d | ||
| 040 |
_aDO-SdBNP _bspa _cBNPHU |
||
| 100 | 1 |
_aMundi, Salvador _964695 |
|
| 245 | 1 | 0 |
_aComo lograr la memoria perfecta / _cSalvador Mundi. |
| 260 |
_a[s. n., : _bs.n., _c190?]. |
||
| 300 |
_a127 p. ; _c22 cm. |
||
| 999 |
_c37822 _d37822 |
||